header

Managing knowledge (Record no. 56143)

MARC details
000 -LEADER
fixed length control field 01357nam a2200349Ia 4500
245 00 - TITLE STATEMENT
Title Managing knowledge
260 ## - PUBLICATION, DISTRIBUTION, ETC. (IMPRINT)
Place of publication London ;
-- Thousand Oaks, CA :
Name of publisher Sage Publications,
Year of publication 1996.
300 ## - PHYSICAL DESCRIPTION
Number of Pages ix, 235 p. :
Other physical details ill.
650 #0 - SUBJECT ADDED ENTRY--TOPICAL TERM
Topical Term Information technology
Topical Term Organizational learning.
Topical Term Communication in management.
Topical Term Competition.
700 1# - ADDED ENTRY--PERSONAL NAME
Personal name Von Krogh, George.
Personal name Roos, Johan.
856 40 - ELECTRONIC LOCATION AND ACCESS
Uniform Resource Identifier http://site.ebrary.com/lib/rucke/Doc?id=10326951

No items available.

© 2026 Rongo University
Contact us: librarian | system librarian | Rongo university